| 000 | 00359nam a2200133Ia 4500 | ||
|---|---|---|---|
| 008 | 240624s9999 xx 000 0 und d | ||
| 041 | _aeng | ||
| 082 | _a368.3 MIL | ||
| 100 | _aMILEVSKY MOSHE A | ||
| 245 | _aCALCULUS OF RETIREMENT INCOME FINANCIAL | ||
| 260 |
_c2006 _aNew York _bCambridge University Press |
||
| 300 | _a321 : p. : cm. ; 24 | ||
| 365 |
_c _b30 |
||
| 999 |
_c14119 _d14119 |
||